| 000 | 00553nam a2200157 i 4500 | ||
|---|---|---|---|
| 001 | 22527 | ||
| 003 | ES-MaACL | ||
| 007 | t| | ||
| 008 | 021203s1981 sp ||||1| spa d | ||
| 100 | 1 |
_aAlvarez López, José. _920859 |
|
| 245 | 1 | 0 |
_aIntroducción a la contabilidad / _cedición revisada y adaptada al Plan General de Contabilidad [y al Grupo 9] por José Alvarez López. |
| 250 | _a[6ª ed.]. | ||
| 260 |
_a[San Sebastián : _bEditorial Donostiarra : _bOrtega, _c1981] |
||
| 300 |
_a542 p. : _bil. ; _c24 cm. |
||
| 852 |
_aES-MaACL _jL-3312 _bR.103626 |
||
| 999 |
_c22527 _d22527 |
||